Systems analysis and design

Αποθηκεύτηκε σε:
Λεπτομέρειες βιβλιογραφικής εγγραφής
Άλλοι συγγραφείς: Yeates, Donald (Επιμελητής έκδοσης), Shields, Maura (Επιμελητής έκδοσης), Helmy, David (Επιμελητής έκδοσης)
Μορφή: Βιβλίο
Γλώσσα:English
Δημοσίευση: London : Pitman, c1994
Θέματα:
Ετικέτες: Προσθήκη ετικέτας
Δεν υπάρχουν, Καταχωρήστε ετικέτα πρώτοι!

MARC

LEADER 00000nam a2200000 i 4500
001 1/24626
008 960718s1994 eng d
020 |a 0-273-60066-4 
035 |l 10022330 
040 |a GR-MY-UA  |b gre  |e aacr 
041 0 |a eng 
082 0 |a 004.21 
245 1 0 |a Systems analysis and design /  |c edited by Don Yeates, Maura Shields, David Helmy 
260 |a London :   |b Pitman,   |c c1994 
300 |a x, 420 p.;  |b ill., map;  |c 25 cm. 
504 |a Includes bibliographies and index 
650 0 0 |a System design. 
650 0 0 |a System analysis. 
650 0 0 |a Electronic data processing  |x Structured techniques. 
700 1 |a Yeates, Donald.  |4 edt 
700 1 |a Shields, Maura.  |4 edt 
700 1 |a Helmy, David.  |4 edt 
852 |a INST  |b CHIOS  |e 19960718  |h 004.21 SYS  |p 005200001781  |q 005200001781  |t BK  |y 0 
852 |a INST  |b SAMOS  |e 20000329  |h 004.21 SYS  |p 005300017819  |q 005300017819  |t BK  |y 0 
901 |a BIBL3-2000-1 
909 |a Χ  |b 040220 
909 |a Σ  |b 076945 
922 |a 3ΕΛΗ  |b 200003  |c ΚΠΣ  |d ΠΑΠΑΣΩΤΗΡΙΟΥ 
950 |a 116-2000-01-12 
970 |a ΚΟΣΙΕΡΗΣ  |b ΧΡΗΣΤΟΣ  |z 2000/04/17